[Event "Pobeskydy op"]
[Site "Frydek Mistek"]
[Date "2013.03.28"]
[Round "2"]
[White "Kozel, Jiri"]
[Black "Petkevich, Denis"]
[Result "1/2-1/2"]
[WhiteElo "2062"]
[BlackElo "1915"]
[PlyCount "53"]
[EventDate "2013.03.28"]
[EventType "swiss"]
[EventRounds "9"]
[EventCountry "CZE"]
[SourceTitle "CBM 153 Extra"]
[Source "ChessBase"]
[SourceDate "2013.04.22"]
[SourceVersion "1"]
[SourceVersionDate "2013.04.22"]
[SourceQuality "1"]

1. e4 c5 2. Nf3 e6 3. d4 cxd4 4. Nxd4 a6 5. Nc3 Qc7 6. Bd3 Nf6 7. 0-0 Bb4 8. h3 0-0 9. Kh1 Be7 10. f4 d6 11. Qe2 Nbd7 12. Bd2 b5 13. a3 Bb7 14. Rae1 Nc5 15. b4 Nxd3 16. cxd3 Rfc8 17. a4 bxa4 18. Nxa4 Bd8 19. Qd1 Qd7 20. Qa1 Bc6 21. Nxc6 Rxc6 22. Nb2 Nh5 23. Kh2 Bh4 24. Rb1 Bg3+ 25. Kh1 Qb7 26. Nc4 Qb5 27. Qb2 1/2-1/2

[Event "Frydek Mistek Chance Cup op"]
[Site "Frydek Mistek"]
[Date "2011.04.21"]
[Round "2"]
[White "Petkevich, Denis"]
[Black "Mrazek, Lumir"]
[Result "0-1"]
[WhiteElo "1979"]
[BlackElo "2160"]
[PlyCount "66"]
[EventDate "2011.04.21"]
[EventType "swiss"]
[EventRounds "9"]
[EventCountry "CZE"]
[SourceTitle "EXT 2012"]
[Source "ChessBase"]
[SourceDate "2011.11.24"]
[SourceVersion "1"]
[SourceVersionDate "2011.11.24"]
[SourceQuality "1"]

1. d4 f5 2. c4 Nf6 3. g3 g6 4. Bg2 Bg7 5. Nc3 0-0 6. Nf3 d6 7. 0-0 Qe8 8. Bg5 Na6 9. Bxf6 Bxf6 10. e4 e5 11. d5 f4 12. Ne1 g5 13. Nd3 c5 14. Nb5 Qe7 15. a3 Nc7 16. Nxc7 Qxc7 17. Qh5 Qg7 18. Bf3 g4 19. Bd1 f3 20. b4 b6 21. a4 Bd7 22. a5 cxb4 23. Nxb4 bxa5 24. Rxa5 Bd8 25. Ra6 Be8 26. Qf5 Rxf5 27. exf5 Bb6 28. Nd3 Rc8 29. Bb3 e4 30. Nf4 e3 31. fxe3 Bxe3+ 32. Kh1 Bxf4 33. gxf4 Qb2 0-1

[Event "Moscow op-E"]
[Site "Moscow"]
[Date "2011.02.04"]
[Round "7.166"]
[White "Asefi, Zaheeruddeen"]
[Black "Petkevich, Denis"]
[Result "0-1"]
[WhiteElo "2078"]
[BlackElo "1879"]
[PlyCount "96"]
[EventDate "2011.01.29"]
[EventType "swiss"]
[EventRounds "9"]
[EventCountry "RUS"]
[SourceTitle "EXT 2022"]
[Source "ChessBase"]
[SourceDate "2021.10.06"]
[SourceVersion "1"]
[SourceVersionDate "2021.10.06"]
[SourceQuality "1"]

1. d4 Nf6 2. Nf3 g6 3. c4 Bg7 4. Nc3 0-0 5. e4 d6 6. Be2 e5 7. 0-0 Nbd7 8. d5 a5 9. Be3 Ng4 10. Bg5 Bf6 11. Bxf6 Ngxf6 12. a3 Nc5 13. Qc2 Nfd7 14. b4 axb4 15. axb4 Rxa1 16. Rxa1 Na6 17. Qb3 f5 18. h3 Kh8 19. Qb2 Nf6 20. Nd2 Nb8 21. Ra8 Nbd7 22. Bd3 Nh5 23. Ne2 f4 24. c5 g5 25. Bb5 Ndf6 26. f3 Qe7 27. Qa3 Ng7 28. Qa7 h5 29. Nc3 g4 30. Bf1 gxh3 31. gxh3 h4 32. Bg2 Ngh5 33. Nf1 Qg7 34. Kf2 Rg8 35. Bh1 Qg1+ 36. Ke2 Qxh1 37. Nd2 Qxh3 38. c6 Ng3+ 39. Kd3 bxc6 40. Qxc7 Qd7 41. Qb6 cxd5 42. Ra7 Qd8 43. Qf2 dxe4+ 44. fxe4 Rg7 45. Ra8 d5 46. Kc2 Qc7 47. Kb2 Qb7 48. Ra4 d4 0-1

[Event "Moscow op-E"]
[Site "Moscow"]
[Date "2011.01.29"]
[Round "1.12"]
[White "Petkevich, Denis"]
[Black "Valeev, Sergey"]
[Result "1/2-1/2"]
[WhiteElo "1879"]
[BlackElo "2093"]
[PlyCount "78"]
[EventDate "2011.01.29"]
[EventType "swiss"]
[EventRounds "9"]
[EventCountry "RUS"]
[SourceTitle "EXT 2022"]
[Source "ChessBase"]
[SourceDate "2021.10.06"]
[SourceVersion "1"]
[SourceVersionDate "2021.10.06"]
[SourceQuality "1"]

1. c4 c5 2. Nc3 Nc6 3. Nf3 g6 4. d4 cxd4 5. Nxd4 Bg7 6. Nb3 Nf6 7. e4 d6 8. Bg5 Bg4 9. f3 Be6 10. Qd2 Na5 11. Nxa5 Qxa5 12. Nb5 Qxd2+ 13. Bxd2 0-0 14. Nc7 Rac8 15. Nxe6 fxe6 16. Bd3 Nd7 17. Rb1 Ne5 18. Ke2 Nxc4 19. Bxc4 Rxc4 20. b3 Rc2 21. a4 Rfc8 22. Kd3 Kf7 23. Rhc1 Rxc1 24. Rxc1 Rc6 25. Rc4 Ke8 26. Be3 Rxc4 27. Kxc4 Kd7 28. Bxa7 Kc6 29. Be3 h5 30. h4 Be5 31. b4 Bg3 32. Bg5 d5+ 33. Kd4 Kd6 34. b5 e5+ 35. Kd3 e6 36. Bf6 Kc5 37. Be7+ Kb6 38. Bd8+ Kc5 39. Be7+ Kb6 1/2-1/2